000 00866nam a2200253 a 4500
001 BRCA_4453
005 20190320204657.0
008 030910s1911----enkao#####---#000-0#eng-#
041 _aeng
044 _aenk
050 4 _aDP17
_b.C35 15
_c1911
100 1 _aCalvert, Albert F.
_d1872-1946
_911277
245 1 0 _aValencia and Murcia
_bA glance of African Spain
_cBy Albert F. Calvert.
260 _aLondres: Nueva York
_bJohn Lane, The Bodley Head
_c1911
300 _axvi, 45 p. (v.15)
_bil., 288 láminas
_c20 cm.
440 0 _aThe spanish series
_v15
_911278
500 _aIncluye índice de ilustraciones
500 _aCEO5
651 4 _aEspaña
_xDescripción y viajes
_zValencia (Provincia)
_911279
651 4 _aEspaña
_xDescripción y viajes
_zMurcía (Provincia)
_911280
651 4 _aEspaña
_xDescripción y viajes
_97912
902 _aGFM
942 _2lcc
_cB
999 _c4159
_d4159